Estudio dinámico y control de evaporadores de múltiple efecto /

Guardado en:
Otros Autores: Tonelli, Stella Maris. (Disertante)
Formato: Manuscrito
Idioma:Spanish
Publicado: 1987.
Materias:
Etiquetas: Agregar Etiqueta
Sin Etiquetas, Sea el primero en etiquetar este registro!
LEADER 00987ntm a22002535a 4500
001 EIQ.libpla002579
008 070703s1987####ag#a#####bm###000#0#spa#d
005 20070703180443.0
245 1 0 |a Estudio dinámico y control de evaporadores de múltiple efecto /  |c Stella Maris Tonelli. 
260 |c 1987. 
300 |a viii, 187 p. :  |b il. ;  |c 21 cm. 
502 |a Tesis (doctorado)--Universidad Nacional del Sur. Departamento de Ingeniería Química, 1987. 
500 |a Director de tesis: Dr. José A. Romagnoli. 
504 |a Incluye referencias bibliográficas. 
100 1 |a Tonelli, Stella Maris.  |4 dis 
710 2 |a Universidad Nacional del Sur (UNS).  |b Dto. de Ingeniería Química  |4 dgg. 
650 4 |a Procesos  |x Tesis. 
650 4 |a Evaporadores  |x Modelado. 
650 4 |a Evaporadores  |x Control. 
650 4 |a Processes  |x Thesis. 
650 4 |a Evaporators  |x Modeling. 
650 4 |a Evaporators  |x Control. 
040 |a AR-BbSID  |b spa  |c AR-BbSID 
859 |a AR-BbSID  |b BIB. PLAPIQUI  |h 629.8  |i T 812  |p 3785